000
00292nam a22001337a 4500
008
170421b xxu||||| |||| 00| 0 eng d
020
_a
9780131789999
041
_a
eng
080
_2
2ND
_a
573
100
_a
11
101
_a
SHM
245
_a
BIOLOGY OF HUMANS
_c
GOODENOUGH
942
_2
udc
_c
BK
999
_c
11431
_d
11431